Statistiken für Word zu Sprache 1:Romanische Sprachen

Klicken Sie hier um das Quiz zu spielen!

Allgemein

  • Dieses Quiz wurde 62 mal gespielt
  • Das Durchschnittsergebnis liegt bei 87 aus 100

Antwortstatistiken

FrageKachelSelect% Korrekt
Französisch?BiancoNein
100%
Französisch?BrancoNein
100%
Französisch?Buenos DíasNein
100%
Französisch?Bună ZiuaNein
100%
Französisch?BuongiornoNein
100%
Französisch?NoapteNein
100%
Französisch?NotteNein
100%
Französisch?RojoNein
100%
Französisch?RossoNein
100%
Französisch?VermelhoNein
100%
Französisch?AlbNein
98%
Französisch?BlancoNein
98%
Französisch?Bom DiaNein
98%
Französisch?NocheNein
98%
Italienisch?BonjourNein
96%
Italienisch?Buenos DíasNein
96%
Italienisch?Bună ZiuaNein
96%
Italienisch?NuitNein
96%
Französisch?RoșuNein
96%
Italienisch?RoșuNein
96%
Italienisch?RougeNein
96%
Italienisch?AlbNein
95%
Italienisch?BlancNein
95%
Portugiesisch?BonjourNein
95%
Französisch?BonjourJa
95%
Portugiesisch?Buenos DíasNein
95%
Portugiesisch?RossoNein
95%
Portugiesisch?RougeNein
95%
Italienisch?VermelhoNein
95%
Spanisch?AlbNein
93%
Portugiesisch?BlancNein
93%
Spanisch?BlancNein
93%
Portugiesisch?BlancoNein
93%
Spanisch?BuongiornoNein
93%
Spanisch?NoapteNein
93%
Portugiesisch?NocheNein
93%
Spanisch?NuitNein
93%
Italienisch?RojoNein
93%
Spanisch?RougeNein
93%
Rumänisch?BiancoNein
91%
Rumänisch?BlancoNein
91%
Italienisch?Bom DiaNein
91%
Spanisch?BonjourNein
91%
Rumänisch?BonjourNein
91%
Rumänisch?Buenos DíasNein
91%
Rumänisch?BuongiornoNein
91%
Portugiesisch?BuongiornoNein
91%
Italienisch?NoapteNein
91%
Rumänisch?NocheNein
91%
Italienisch?NoiteNein
91%
Rumänisch?NuitNein
91%
Spanisch?RoșuNein
91%
Portugiesisch?BiancoNein
89%
Spanisch?Buenos DíasJa
89%
Spanisch?Bună ZiuaNein
89%
Italienisch?BuongiornoJa
89%
Spanisch?NoiteNein
89%
Rumänisch?NotteNein
89%
Portugiesisch?NuitNein
89%
Rumänisch?RougeNein
89%
Französisch?RougeJa
89%
Französisch?BlancJa
88%
Italienisch?BrancoNein
88%
Italienisch?NocheNein
88%
Rumänisch?NoiteNein
88%
Spanisch?NotteNein
88%
Portugiesisch?NotteNein
88%
Französisch?NuitJa
88%
Rumänisch?RojoNein
88%
Rumänisch?RossoNein
88%
Spanisch?RossoNein
88%
Rumänisch?BlancNein
86%
Spanisch?Bom DiaNein
86%
Rumänisch?VermelhoNein
84%
Portugiesisch?AlbNein
82%
Spanisch?BiancoNein
82%
Spanisch?BrancoNein
82%
Rumänisch?Bună ZiuaJa
82%
Portugiesisch?Bună ZiuaNein
82%
Italienisch?RossoJa
82%
Rumänisch?RoșuJa
82%
Spanisch?VermelhoNein
82%
Rumänisch?Bom DiaNein
81%
Portugiesisch?RojoNein
79%
Rumänisch?BrancoNein
75%
Spanisch?RojoJa
75%
Italienisch?BiancoJa
74%
Französisch?NoiteNein
72%
Italienisch?NotteJa
72%
Portugiesisch?RoșuNein
72%
Italienisch?BlancoNein
70%
Portugiesisch?NoapteNein
70%
Spanisch?NocheJa
70%
Portugiesisch?VermelhoJa
67%
Portugiesisch?Bom DiaJa
63%
Rumänisch?NoapteJa
61%
Spanisch?BlancoJa
60%
Rumänisch?AlbJa
51%
Portugiesisch?BrancoJa
47%
Portugiesisch?NoiteJa
47%

Verteilung der Resultate

Perzentil nach korrekt beantworteten Fragen

Anzahl Personen mit jedem Resultat

Ihre Resultats-Entwicklung

Sie haben dieses Quiz noch nicht gespielt